| 000 | 00595nam a2200229Ia 4500 | ||
|---|---|---|---|
| 003 | OSt | ||
| 005 | 20221006164724.0 | ||
| 006 | a|||||r|||| 00| 0 | ||
| 007 | ta | ||
| 008 | 221006b |||||||| |||| 00| 0 eng d | ||
| 024 | _a3,376 | ||
| 037 | _cTextual | ||
| 040 |
_aFML _cFML _beng |
||
| 041 |
_2eng _aeng |
||
| 082 | _aNR44,412:g, M4 | ||
| 100 |
_awade Bonnie C Au. _9678188 |
||
| 245 | 0 | _aKhayal | |
| 260 |
_aLondon _bCambridge University Press _c1984 |
||
| 300 |
_a314 _ccm. |
||
| 942 |
_hNR44,412:g, M4 _cTEXL _2CC |
||
| 999 |
_c1118241 _d1118241 |
||